Finite element methods for Maxwell's equations

Enregistré dans:
Détails bibliographiques
Auteur principal: Monk, Peter (autor)
Format: Livre
Langue:anglais
Publié: Nueva York Oxford University Press 2003
Collection:Numerical Mathematics and Scientific Computation
Sujets:
Tags: Ajouter un tag
Pas de tags, Soyez le premier à ajouter un tag!

MARC

LEADER 00000cam a2200000 a 4500
001 UCF9250
003 CL-VaPUC
008 131111e20030000us |||||||||||||||||eng|d
020 |a 9780198508885 
082 0 4 |a 621.30151535  |b MON  |2 21 
100 |a Monk, Peter  |e autor  |9 571515 
245 1 0 |a Finite element methods for Maxwell's equations 
300 |a 450 p 
942 |c BK 
945 |d 20131111 15:03:00  |a cmena 
260 |a Nueva York  |b Oxford University Press  |c 2003 
650 0 |a Electromagnetismo   |9 260123 
650 0 |a Modelos matemáticos   |9 259437 
650 0 |a Método de elemento finito  |9 327601 
650 7 |a ECUACIONES DE MAXWELL  |2 CL-VaPUC  |9 430927 
583 |a last modification  |c 20131111 15:03:00  |k Rodrigo Vera 
490 0 |a Numerical Mathematics and Scientific Computation 
999 |c 353723  |d 353721 
952 |0 0  |1 0  |3 erd  |4 0  |6 621_301515350000000_MON_2003  |7 0  |8 A  |9 459085  |a BIBMAT  |b BIBMAT  |d 2019-11-23  |i 5026067  |o 621.30151535 MON 2003  |p 5026067  |r 2025-01-07  |w 2019-11-23  |y BK  |z Catalogado en:20131111  |k MAT